000 00813nam a2200265Ia 4500
003 OSt
005 20220926004800.0
006 a|||||r|||| 00| 0
007 ta
008 220923b |||||||| |||| 00| 0 eng d
020 _a10:8178296578
_c295.00
037 _b467, 21/11/2006, Bright Book Service
_cGeneral Book
040 _aRTL
_cRTL
_beng
041 _2eng
_aeng
082 _aB28, P6
100 _aGaur Ajai S
_9309253
245 0 _aStatistical methods for practice and research
_b A g
260 _a New Delhi
_bSage
_c2006
300 _a170p
_ccm.
500 _aBibliography p170
650 _aGeography
700 _a Gaur Sanjaya S
_9309254
942 _hB28, P6
_cGB
_2CC
999 _c612275
_d612275